| 000 | 00662nam a2200241Ia 4500 | ||
|---|---|---|---|
| 003 | OSt | ||
| 005 | 20220918192649.0 | ||
| 006 | a|||||r|||| 00| 0 | ||
| 007 | ta | ||
| 008 | 220917b |||||||| |||| 00| 0 eng d | ||
| 024 | _a69,493 | ||
| 037 | _cTextual | ||
| 040 |
_aARTS _cARTS _beng |
||
| 041 |
_2eng _aeng |
||
| 082 | _aQ4:412, M0 | ||
| 100 | _aKing Winston L | ||
| 245 | 0 |
_aTheravada meditation _b the buddhist transformation of Yoga |
|
| 260 |
_aUniv _bpark The Peenneylvania State Univ Press _c1980 |
||
| 300 |
_avii,172p. _ccm. |
||
| 650 | _aRELIGION | ||
| 942 |
_hQ4:412, M0 _cTEXL _2CC |
||
| 999 |
_c195639 _d195639 |
||